Source Code Analytics With Roslyn and JavaScript Data Visualization /

Learn how to build an interactive source code analytics system using Roslyn and JavaScript. This concise 150 page book will help you create and use practical code analysis tools utilizing the new features of Microsoft's Roslyn compiler to understand the health of your code and identify parts of...

Full description

Bibliographic Details
Main Author: Mukherjee, Sudipta (Author)
Corporate Author: Safari, an O'Reilly Media Company
Format: eBook
Language:English
Published: Apress, 2016.
Edition:1st edition.
Subjects:
Online Access:Connect to this electronic resource

MARC

Tag First Indicator Second Indicator Subfields
LEADER 00000uam a2200000 a 4500
001 in00004263921
005 20260128203002.7
006 m o d
007 cr cn
008 210117s2016 xx o eng
020 |z 9781484219256 
020 |z 9781484219249 
035 |a (CaSebORM)9781484219256 
040 |d UtOrBLW 
041 0 |a eng 
100 1 |a Mukherjee, Sudipta,  |e author.  |0 http://id.loc.gov/authorities/names/ns2014000358 
245 1 0 |a Source Code Analytics With Roslyn and JavaScript Data Visualization /  |c Mukherjee, Sudipta. 
250 |a 1st edition. 
264 1 |b Apress,  |c 2016. 
300 |a 1 online resource (196 pages) 
336 |a text  |b txt  |2 rdacontent 
337 |a computer  |b c  |2 rdamedia 
338 |a online resource  |b cr  |2 rdacarrier 
347 |a text file 
520 |a Learn how to build an interactive source code analytics system using Roslyn and JavaScript. This concise 150 page book will help you create and use practical code analysis tools utilizing the new features of Microsoft's Roslyn compiler to understand the health of your code and identify parts of the code for refactoring. Source code is one of the biggest assets of a software company. However if not maintained well, it can become a big liability. As source code becomes larger. more complex and accessed via the cloud, maintaining code quality becomes even more challenging. The author provides straightforward tools and advice on how to manage code quality in this new environment. Roslyn exposes a set of APIs which allow developers to parse their C# and VB.NET code and drastically lower the barrier to entry for Meta programming in .NET. Roslyn has a dedicated set of APIs for creating custom refactoring for integrating with Visual Studio. This title will show readers how to use Roslyn along with industry standard JavaScript visualization APIs like HighCharts, D3.js etc to create a scalable and highly responsive source code analytics system. What You Will Learn Understand the Roslyn Syntax API Use Data Visualization techniques to assist code analysis process visually Code health monitoring matrices (from the standard of Code Query Language) Code mining techniques to identify design patterns used in source code Code forensics techniques to identify probable author of a given source code Techniques to identify duplicate/near duplicate code Who This Book is For .NET Software Developers and Architects 
533 |a Electronic reproduction.  |b Boston, MA :  |c Safari,  |n Available via World Wide Web.  |d 2016. 
538 |a Mode of access: World Wide Web. 
542 |f Copyright © 2016 by Sudipta Mukherjee  |g 2016 
588 |a Online resource; Title from title page (viewed December 20, 2016) 
500 |a Electronic resource. 
655 7 |a Electronic books.  |2 local 
710 2 |a Safari, an O'Reilly Media Company. 
856 4 0 |u https://proxy.library.tamu.edu/login?url=https://go.oreilly.com/TAMU/library/view/-/9781484219256/?ar  |z Connect to this electronic resource  |t 0 
999 f f |s 93232f8c-0f8c-353c-8116-21c56b9a1e38  |i bdaeb550-68a2-36a2-ba66-258b77ce5792  |t 0 
952 f f |a Texas A&M University  |b College Station  |c Electronic Resources  |s www_evans  |d Available Online  |t 0  |h No information provided 
998 f f |t 0  |l Available Online